Anarquía y orden: ensayos sobre política

Salvato in:
Dettagli Bibliografici
Autore principale: Read, Herbert Edward (Autore)
Natura: Libro
Lingua:spagnolo
Pubblicazione: Buenos Aires Américalee 1959
Serie:Biblioteca de Cultura Social, 32
Soggetti:
Tags: Aggiungi Tag
Nessun Tag, puoi essere il primo ad aggiungerne!!

MARC

LEADER 00000nam a2200000 a 4500
001 UCW8459
003 CL-VaPUC
008 880909e19590000AG |||||||||||||||||spa|d
082 0 4 |a 321.07  |b REA  |2 21 
100 0 |a Read, Herbert Edward  |e author  |9 313632 
245 1 0 |a Anarquía y orden: ensayos sobre política 
300 |a 246 p 
942 |c BK 
945 |d 19880909 00:00:00 
260 |a Buenos Aires  |b Américalee  |c 1959 
650 0 |a Anarquismo  |9 269177 
650 0 |a Ensayos  |9 268724 
583 |a last modification  |c 19880909 00:00:00  |k Rodrigo Vera 
490 0 |a Biblioteca de Cultura Social, 32 
999 |c 220823  |d 220821 
952 |0 0  |1 0  |4 0  |6 321_070000000000000_REA_1959  |7 0  |8 A  |9 213534  |a BIBHIS  |b BIBHIS  |d 2019-11-15  |i 2818760  |o 321.07 REA 1959  |p 2818760  |r 2025-01-20  |w 2019-11-15  |y BK  |k HIS